[Event "Latschach op 29th"]
[Site "Latschach"]
[Date "2013.08.17"]
[Round "9"]
[White "Mellauner, Hartwig"]
[Black "Ebner, Johann"]
[Result "0-1"]
[WhiteElo "1894"]
[BlackElo "2087"]
[PlyCount "96"]
[EventDate "2013.08.10"]
[EventType "swiss"]
[EventRounds "9"]
[EventCountry "AUT"]
[SourceTitle "CBM 155 Extra"]
[Source "ChessBase"]
[SourceDate "2013.08.26"]
[SourceVersion "1"]
[SourceVersionDate "2013.08.26"]
[SourceQuality "1"]

1. d4 e6 2. c4 Nf6 3. Nf3 Bb4+ 4. Bd2 Qe7 5. g3 0-0 6. Bg2 Bxd2+ 7. Qxd2 d6 8. 0-0 Ne4 9. Qc2 f5 10. Nc3 Nxc3 11. Qxc3 Nc6 12. d5 Nd8 13. dxe6 Nxe6 14. Qc2 a5 15. Rac1 Nc5 16. Nd4 c6 17. Rcd1 Bd7 18. e3 Ne4 19. f3 Nc5 20. Rfe1 Rf6 21. b3 Re8 22. Qd2 Qd8 23. Bf1 Qb6 24. Kg2 g6 25. Qc3 Kf7 26. a3 Ne6 27. Nc2 c5 28. Rd2 Nd8 29. Red1 Qc7 30. Kf2 Bc6 31. h4 b6 32. Rb1 h6 33. Rd3 g5 34. hxg5 hxg5 35. Qd2 g4 36. Bg2 gxf3 37. Bxf3 Be4 38. Rc3 Qc6 39. Ne1 Rh8 40. Qe2 Rfh6 41. Ng2 Ne6 42. Bxe4 Qxe4 43. Rg1 Rh2 44. Rd3 Ng5 45. Rxd6 Nh3+ 46. Kf1 Nxg1 47. Kxg1 Rh1+ 48. Kf2 R8h2 0-1